000 00808nam a2200241 a 4500
008
049 _aMAIN
090 _aREFSB453.A123
_bROY
245 1 0 _aThe royal horticulture society dictionary of gardening :
_ba practical and scientific encylopaedia of horticulture/
_cedited by Fred J. Chittenden
260 _aOxford :
_bClarendon Press,
_c1956
300 _axvi,512 p. :
_bill. ;
_c28 cm.
490 _aVolume 1 A-CO
500 _aOriginally published by London: Macmillan
650 _aHortculture encyclopedias
650 _aGardening encyclopedias
650 1 _aGardening
700 _aChittenden, Fred J.
907 _a.b10267062
_b08-10-09
_c25-09-09
003
005 20230123124948.0
040 _cNUST
942 _cBOOKS
_kREFSB453.A123
_mROY
999 _c133306
_d133306